Guess the Billie Eilish song (no hints) #3 - Statistics

General Stats
  • This quiz has been taken 1,357 times
  • The average score is 55 of 141
Answer Stats
Hint Answer % Correct
I
100%
you
95%
a
94%
the
86%
love
79%
me
78%
Don't
75%
my
71%
to
70%
your
69%
And
64%
It
62%
can
59%
so
57%
in
55%
you're
55%
but
54%
is
54%
was
52%
for
49%
can't
48%
if
48%
Could
47%
like
43%
of
41%
by
40%
It's
39%
all
37%
How
37%
too
37%
Would
37%
us
35%
come
32%
Our
32%
our
32%
tell
31%
wish
31%
as
30%
lost
30%
myself
30%
again
29%
again?
29%
Again
29%
Lyrics Help
29%
help
29%
under
29%
back
27%
feet
27%
six
27%
Six
27%
They're
27%
won't
27%
well
25%
wonder
25%
you'd
25%
end
24%
much
24%
remember
24%
life
22%
die
21%
away
20%
bloom?
20%
bloom
20%
Bloom
20%
rain
20%
roses
20%
grave
19%
watered
19%
down
18%
cold
16%
these
15%
tonight
15%
lips
14%
playing
14%
sound
13%
touch
12%
air
11%
carelessly?
11%
smoke
11%
Erase
10%
knife
10%
Laying
10%
Retrace
10%
Blow
9%
clouds
9%
crying
9%
No matching quizzes found
Score Distribution
Percent of People with Each Score
Percentile by Number Answered
Your Score History
You have not taken this quiz